Same, but different #30 - Statistics

General Stats
  • This quiz has been taken 35 times
  • The average score is 10 of 15
Answer Stats
Clues Answer % Correct
Obese, or can be saturated or unsaturated Fat
100%
Possessive pronoun of my, or, where coal or gold might be found, for example Mine
93%
Someone who is crazy, or, can be Brazil, Monkey, Cashew Nut
93%
One or two pence pieces, or, a chemical element, symbol Cu Copper
86%
A division of a calendar, or a palm fruit Date
86%
Something one may do with a coin, or, salad Toss
83%
A call for attention (in modern parlance), or when said twice, can be a child's toy, going up and down Yo
79%
Boss on a building site, or, chairman of a jury Foreman
76%
A boxing move, or slang for a medical injection Jab
76%
That measured on the Beaufort scale, or something you may do to a watch or clock Wind
76%
A helicopter or another word for an axe Chopper
66%
Pine for someone, or a ridged division on a guitar Fret
48%
A semi-precious mineral, or a type of engine Jet
21%
A decorative Christmas centrepiece, or, a journal Log
21%
A geographical valley, usually in water, or another word for a dish or bowl Basin
14%
No matching quizzes found
Score Distribution
Percent of People with Each Score
Percentile by Number Answered
Your Score History
You have not taken this quiz